Eastern Utah Libraries Catalog: Duchesne, Heber, Roosevelt, & Vernal

The New Testament. (Record no. 286514)

MARC details
000 -LEADER
fixed length control field 02154cim a2200445Ma 4500
001 - CONTROL NUMBER
control field ocn679913316
003 - CONTROL NUMBER IDENTIFIER
control field OCoLC
005 - DATE AND TIME OF LATEST TRANSACTION
control field 20240308114433.0
008 - FIXED-LENGTH DATA ELEMENTS--GENERAL INFORMATION
fixed length control field 040223s2001 vaunnnn r l n eng d
020 ## - INTERNATIONAL STANDARD BOOK NUMBER
International Standard Book Number 1565853660
020 ## - INTERNATIONAL STANDARD BOOK NUMBER
International Standard Book Number 9781565853669
020 ## - INTERNATIONAL STANDARD BOOK NUMBER
Terms of availability 35.00
024 0# - OTHER STANDARD IDENTIFIER
Standard number or code 9781565853668
035 ## - SYSTEM CONTROL NUMBER
System control number (OCoLC)679913316
040 ## - CATALOGING SOURCE
Original cataloging agency QJA
Language of cataloging eng
Transcribing agency QJA
Modifying agency OCLCQ
-- GRPVE
-- OCLCO
-- OCLCA
-- OCLCF
-- WACOL
Description conventions
049 ## - LOCAL HOLDINGS (OCLC)
Holding library WACL
082 04 - DEWEY DECIMAL CLASSIFICATION NUMBER
Classification number 225
092 ## - LOCALLY ASSIGNED DEWEY CALL NUMBER (OCLC)
Classification number DVD
Item number 225 Ehr
100 ## - MAIN ENTRY--PERSONAL NAME
Personal name Ehrman, Bart D.
9 (RLIN) 27323
245 04 - TITLE STATEMENT
Title The New Testament.
Name of part/section of a work Part 1 and 2 of 2
Medium [unabridged compact disc] /
Statement of responsibility, etc Bart D. Ehrman.
260 ## - PUBLICATION, DISTRIBUTION, ETC. (IMPRINT)
Place of publication, distribution, etc Chantilly, VA :
Name of publisher, distributor, etc Teaching Co.,
Date of publication, distribution, etc c2001.
264 ## - Production, Publication, Distribution, Manufacture, and Copyright Notice.
Place of production, publication, distribution, manufacture Chantilly, VA
Name of producer, publisher, distributor, manufacturer The Teaching Company
Date of production, publication, distribution, manufacture, or copyr 2000
300 ## - PHYSICAL DESCRIPTION
Extent 6 sound discs :
Other physical details digital +
Accompanying material 4 3/4 in. + 1 course guide (22 cm.)
490 0# - SERIES STATEMENT
Series statement Great courses.
500 ## - GENERAL NOTE
General note "Course No. 656."
505 0# - FORMATTED CONTENTS NOTE
Formatted contents note Pt. 2: lecture 13. The Acts of the Apostles -- lecture 14. Paul, the man, the mission and the modus operandi -- lecture 15. Paul and the crises of his churches: First Corinthians -- lecture 16. Pauline ethics -- lecture 17. Paul's Letter to the Romans -- lecture 18. Paul, Jesus and James -- lecture 19. The Deutero-Pauline Epistles -- lecture 20. The Pastoral Epistles -- lecture 21. The Book of Hebrew and the rise of Christian anti-semitism -- lecture 22. First Peter and the persecution of the early Christians -- lecture 23. The Book of Revelation -- lecture 24. Do we have the original New Testament?
511 0# - PARTICIPANT OR PERFORMER NOTE
Participant or performer note Bart D. Ehrman, lecturer.
520 ## - SUMMARY, ETC.
Summary, etc Presents twelve lectures delivered by Professor Bart D. Ehrman, University of North Carolina, Chapel Hill.
521 ## - TARGET AUDIENCE NOTE
Target audience note DVD
Source , gift
538 ## - SYSTEM DETAILS NOTE
System details note Compact discs.
630 00 - SUBJECT ADDED ENTRY--UNIFORM TITLE
Uniform title Bible.
Name of part/section of a work New Testament
General subdivision Criticism, interpretation, etc.
9 (RLIN) 5803262
630 07 - SUBJECT ADDED ENTRY--UNIFORM TITLE
Uniform title Bible.
Name of part/section of a work New Testament.
Source of heading or term fast
9 (RLIN) 5897830
650 #0 - SUBJECT ADDED ENTRY--TOPICAL TERM
Topical term or geographic name as entry element Christian education.
9 (RLIN) 81351
650 #0 - SUBJECT ADDED ENTRY--TOPICAL TERM
Topical term or geographic name as entry element Audiobooks.
9 (RLIN) 5897829
650 #7 - SUBJECT ADDED ENTRY--TOPICAL TERM
Topical term or geographic name as entry element Audiobooks.
Source of heading or term fast
9 (RLIN) 5897829
650 #7 - SUBJECT ADDED ENTRY--TOPICAL TERM
Topical term or geographic name as entry element Christian education.
Source of heading or term fast
9 (RLIN) 81351
655 #7 - INDEX TERM--GENRE/FORM
Genre/form data or focus term Criticism, interpretation, etc.
Source of term fast
9 (RLIN) 5712417
942 ## - ADDED ENTRY ELEMENTS (KOHA)
Koha item type CD
Source of classification or shelving scheme Dewey Decimal Classification
948 ## - LOCAL PROCESSING INFORMATION (OCLC); SERIES PART DESIGNATOR (RLIN)
Series part designator, SPT (RLIN) 04/17/2015
b (OCLC) 05/29/2015
z (OCLC) Sirsi
Holdings
Withdrawn status Lost status Source of classification or shelving scheme Materials specified (bound volume or other part) Damaged status Not for loan Collection code Home library Current library Shelving location Date acquired Source of acquisition Cost, normal purchase price Serial Enumeration / chronology Total Checkouts Total Renewals Full call number Barcode Date last seen Date checked out Cost, replacement price Price effective from Koha item type
    Dewey Decimal Classification .CIRCNOTE. 6 discs     Audiobooks Wasatch County Library Wasatch County Library Second Floor 05/28/2015 Donation 35.00 part 2 4 1 CD 225 Ehr 34301001428350 02/05/2025 02/05/2025 35.00 03/20/2020 Audiobook on CD
    Dewey Decimal Classification .CIRCNOTE. 6 discs     Audiobooks Wasatch County Library Wasatch County Library Second Floor 05/29/2015 Donation 35.00 part 1 4 3 CD 225 Ehr 34301001428475 12/09/2024 11/13/2024 35.00 03/20/2020 Audiobook on CD
This project was made possible through a grant from the Institute of Museum and Library Service administered by the Utah State Library Division.

Wasatch County Library

  • 465 East 1200 South, Heber City, Utah 84032
  • Phone 435-654-1511 | Fax 435-654-6456

Hours

  • Monday - Friday 9:30 AM - 8:00 PM
  • Saturday 9:30 AM - 1:30 PM
  • Closed Sundays and Holidays